Normal view MARC view
  • PhD-Structural Engineering

Entry Topical Term

Number of records used in: 4

001 - CONTROL NUMBER

  • control field: 123171

003 - CONTROL NUMBER IDENTIFIER

  • control field: NUST

005 - DATE AND TIME OF LATEST TRANSACTION

  • control field: 20240603162233.0

008 - FIXED-LENGTH DATA ELEMENTS

  • fixed length control field: 240603|| aca||aabn | a|a d

040 ## - CATALOGING SOURCE

  • Original cataloging agency: NUST
  • Transcribing agency: NUST

150 ## - HEADING--TOPICAL TERM

  • Topical term or geographic name entry element: PhD-Structural Engineering

670 ## - SOURCE DATA FOUND

  • Source citation: Work cat.: (NUST): Khalid, Anum 18692, DEVELOPMENT OF HIGH STRENGTH MULTI-FUNCTIONAL CONCRETE WITH INCORPORATION OF CARBON BASED NANO MATERIALS /
© 2023 Central Library, National University of Sciences and Technology. All Rights Reserved.